| 000 | 00563nam a2200193 u 4500 | ||
|---|---|---|---|
| 005 | 20210223132644.0 | ||
| 008 | 150528s2013 cl r 000 0 spa d | ||
| 020 | _a9789587620979 | ||
| 035 | _aUPN01000203879 | ||
| 049 | _aCG | ||
| 050 | 4 |
_aTK5105.888 _bR6.2 |
|
| 100 | 1 |
_aRodríguez Diéguez, Fernando _937432 |
|
| 245 | 1 | 0 |
_aCrear una web desde cero / _cFernando Rodríguez Diéguez. |
| 260 |
_aBogotá : _bEdiciones de la U : _bStarbook, _c2013. |
||
| 300 |
_a254 p. : _bil. |
||
| 650 | 4 |
_aSITIOS WEB - _xDISEÑO _97669 |
|
| 905 | _aLibro | ||
| 999 |
_c175980 _d175980 |
||